Culture Générale - Série 2655 - Statistiques

Statistiques générales
  • Ce quiz a été pris 60 fois
  • Le résultat moyen est 3 sur 10
Statistiques - réponses
Question Réponse % Correct
A quel art associe-t-on André DERAIN (1880-1954) ? peinture
76%
Station spatiale russe placée en orbite terrestre basse par l'Union soviétique. Mise en orbite le 19 février 1986 et détruite volontairement le 23 mars 2001, mir
60%
Nom donné à l'argot dans les pays anglo-saxons - 5 lettres slang
33%
Espèce de mammifères d'Amérique du Sud qui vit sur les hauts plateaux de la cordillère des Andes - voir photo vigogne
31%
Quelle rivière longue de 288 km traverse la capitale de la Suisse ? aar
29%
(Botanique) Désigne une variété de petit oignon. (Langage populaire) Désigne la tête ou le cerveau humain ciboulot
20%
Qui a réalisé Lawrence d'Arabie en 1962 ? prénom et nom David Lean
13%
Littéraire. Obstacle imprévu qui provoque du désagrément ou de l'embarras Synonymes : embarras - ennui - souci - 4 lettres dont 3 voyelles aria
4%
Dans la mythologie grecque, quel dieu était surnommé le « Vieillard de la Mer » ? Nérée
4%
Ancienne capitale d'Arménie (aujourd'hui en Turquie). Ani
0%
Aucun quiz correspondant
Distribution des résultats
% des personnes avec chaque résultat
Percentile par nombre de réponses
Votre historique - résultats
Vous n’avez pas pris ce quiz